000 00286nam a22001217a 4500
008 180205b xxu||||| |||| 00| 0 eng d
041 _aeng
080 _a32
100 _a21
101 _aPOL
245 _aAMERICAN GOVERNMENT INSTITUTIONS POLICIES
_cJAMES .Q.W
942 _2udc
_cBK
999 _c41824
_d41824